Statistics for Everton FC Squad 2017-2018

Click here to take the quiz!

General Stats

  • This quiz has been taken 609 times
  • The average score is 18 of 29

Answer Stats

NbrPostNationalityPlayer% Correct
1GKEnglandJordan Pickford
98%
3DFEnglandLeighton Baines
86%
23DFIrelandSeamus Coleman
83%
6DFEnglandPhil Jagielka
80%
5DFWalesAshley Williams
76%
4DFEnglandMichael Keane
76%
18MFIcelandGylfi Sigurdsson
73%
17MFSenegalIdrissa Gueye
73%
11FWBelgiumKevin Mirallas
72%
7FWCongoYannick Bolasie
71%
-CoachNetherlandsRonald Koeman
70%
10FWEnglandWayne Rooney
68%
16MFIrelandJames McCarthy
65%
21MFBosniaMuhamed Besic
65%
2MFFranceMorgan Schneiderlin
63%
29FWEnglandDominic Calvert-Lewin
62%
26MFEnglandTom Davies
61%
33GKSpainJoel Robles
60%
25DFArgentinaRamiro Funes Mori
60%
8MFEnglandRoss Barkley
60%
9FWSpainSandro Ramirez
57%
15DFCuraçaoCuco Martina
54%
22GKNetherlandsMaarten Stekelenburg
54%
30DFEnglandMason Holgate
51%
20MFNetherlandsDavy Klaasen
49%
27FWCroatiaNikola Vlasic
46%
31FWEnglandAdemola Lookman
39%
12MFEnglandAaron Lennon
34%
41GKPolandMateusz Hewelt
16%

Score Distribution

Percentile by Number Answered

Percent of People with Each Score

Your Score History

You have not taken this quiz